Az eurót használó országok - Hirtelen halál - Statistics

General Stats
  • This quiz has been taken 94 times
    62 since last reset
  • The average score is 7 of 21
Answers on the Grid
Answers color-coded by a green-red scale on the quiz's grid according to % correct below.
Ausztria
Belgium
Bulgária
Ciprus
Csehország
Dánia
Egyesült Királyság
Észak-Macedónia
Észtország
Finnország
Franciaország
Görögország
Hollandia
Horvátország
Írország
Izland
Lengyelország
Lettország
Litvánia
Luxemburg
Magyarország
Málta
Moldova
Németország
Olaszország
Portugália
Románia
Spanyolország
Svájc
Svédország
Szerbia
Szlovákia
Szlovénia
Törökország
Ukrajna
 
Answer Stats
Answer % Correct
Ausztria
89%
Belgium
67%
Horvátország
48%
Németország
48%
Spanyolország
44%
Franciaország
41%
Görögország
41%
Olaszország
41%
Portugália
37%
Szlovákia
37%
Bulgária
33%
Ciprus
33%
Hollandia
33%
Szlovénia
33%
Luxemburg
26%
Írország
19%
Litvánia
19%
Málta
19%
Észtország
15%
Finnország
11%
Lettország
11%
No matching quizzes found
Score Distribution
Percent of People with Each Score
Percentile by Number Answered
Your Score History
You have not taken this quiz since the last reset